Differential Equations with Boundary-value Problems 6th (Record no. 564983)
[ view plain ]
| 000 -LEADER | |
|---|---|
| fixed length control field | 00350nam a2200121Ia 4500 |
| 008 - FIXED-LENGTH DATA ELEMENTS--GENERAL INFORMATION | |
| fixed length control field | 210430s9999 xx 000 0 und d |
| 082 ## - DEWEY DECIMAL CLASSIFICATION NUMBER | |
| Classification number | 515.35 Z69 D |
| 100 ## - MAIN ENTRY--PERSONAL NAME | |
| Personal name | Dennis G.Zill |
| 9 (RLIN) | 10571 |
| 245 ## - TITLE STATEMENT | |
| Title | Differential Equations with Boundary-value Problems 6th |
| Statement of responsibility, etc. | Dennis G.Zill |
| 260 ## - PUBLICATION, DISTRIBUTION, ETC. | |
| Place of publication, distribution, etc. | India |
| Name of publisher, distributor, etc. | Zill Cullen |
| Date of publication, distribution, etc. | 2012 |
| 300 ## - PHYSICAL DESCRIPTION | |
| Extent | 559 p |
| 942 ## - ADDED ENTRY ELEMENTS (KOHA) | |
| Koha item type | Book |
| Source of classification or shelving scheme | |
| Withdrawn status | Lost status | Damaged status | Not for loan | Collection code | Permanent Location | Current Location | Shelving location | Date acquired | Total Checkouts | Total Renewals | Full call number | Barcode | Date last seen | Date last checked out | Price effective from | Koha item type |
|---|---|---|---|---|---|---|---|---|---|---|---|---|---|---|---|---|
| School of Chemical & Materials Engineering (SCME) | School of Chemical & Materials Engineering (SCME) | General Stacks | 4 | 4 | 515.35 Z69 D | SCME-4268 | 05/24/2024 | 05/03/2024 | 04/30/2021 | Book |
